| 000 | 00489nam a22001697a 4500 | ||
|---|---|---|---|
| 005 | 20250911111822.0 | ||
| 008 | 250911b |||||||| |||| 00| 0 eng d | ||
| 037 | _cTB | ||
| 040 |
_aCL _cCL |
||
| 041 |
_2Eng _aEnglish |
||
| 245 |
_aState identity and violnce _b: Jammu Kashmir and Ladak |
||
| 260 |
_aIndia, New Delhi _bManohar Publisher _c2000 |
||
| 300 | _a384p. | ||
| 365 |
_b600 _cINR |
||
| 700 |
_aBehera, Navnita _eEditor _9821074 |
||
| 942 |
_2CC _cTEXL _n0 |
||
| 999 |
_c1435315 _d1435315 |
||